| 000 | 00000nam##2200000za#4500 |
| 001 | 9.697851 |
| 003 | CaOODSP |
| 005 | 20210624235650 |
| 007 | cr ||||||||||| |
| 008 | 150407|2000||||xxc|||||o f|0| 0 eng|d |
| 040 | |aCaOODSP|beng |
| 043 | |an-cn--- |
| 086 | 1 |aRH64-50/2000E-PDF |
| 110 | 1 |aCanada.|bHuman Resources Development Canada. |bStrategic Policy. |
| 245 | 14|aThe impact of employment insurance on new-entrants and re-entrant workers : |h[electronic resource]|bfinal report / |cby Shelley Phipps and Fiona MacPhail. |
| 260 | |aOttawa - Ontario : |bHuman Resources Development Canada. |cNovember 2000. |
| 300 | |a46p.|btables |
| 504 | |aBibliography. |
| 590 | |a13-12-Supp|b2013-05-10 |
| 690 | 07|aEmployment insurance|2gcpds |
| 775 | 08|tLes répercussions de l'assurance-emploi sur les personnes qui deviennent ou redeviennent membres de la population active : |w(CaOODSP)9.641857 |
| 856 | 40|ahttp://publications.gc.ca|qPDF|s87 KB|uhttps://publications.gc.ca/collections/collection_2013/rhdcc-hrsdc/RH64-50-2000-eng.pdf |
| 986 | |aSP-AH135-11-00E |